| 000 | 00833nam a22002777a 4500 | ||
|---|---|---|---|
| 001 | 000761 | ||
| 003 | DO-SdBNP | ||
| 005 | 20180212153326.0 | ||
| 007 | 000761 | ||
| 008 | 161129b 1994 sp a ||||| |||| 00| 0 spa d | ||
| 020 | _a8434817764 | ||
| 040 |
_aBPMSU _bspa _cBPMSU |
||
| 082 |
_axxxx _bxxxx |
||
| 100 | 1 | _aVázquez-Vigo, Carmen | |
| 245 | 1 | 0 |
_aPor arte de magia / _cCarmen Vázquez-Vigo ; ilustraciones, Alfonso Ruano. |
| 250 | _a11ª ed. | ||
| 260 |
_aMadrid : Ediciones : _bS.M., _c1994. |
||
| 300 |
_a88 p. : _bil. ; _c19 cm. |
||
| 490 | 1 |
_aBarco de vapor. Serie azul _v20 |
|
| 500 | _a"A partir de 7 años." | ||
| 700 | 1 | 2 |
_aRuano, Alfonso, _eil. |
| 830 | 0 |
_aBarco de vapor., Serie azul ; _v20 |
|
| 942 |
_2ddc _cBK |
||
| 945 | _aInventariado, 2018 / BT | ||
| 956 |
_2LOPEREZ _310 _620161129 _8BPMSU _a00041 |
||
| 999 |
_c12143 _d12143 |
||